[Event "DSIM-Finale"]
[Site "T#645894Emanuel Laske"]
[Date "2020.05.09"]
[Round "5"]
[White "Daniel Hausrath"]
[Black "Nikolas Lubbe"]
[Result "0-1"]
[WhiteElo "1620"]
[BlackElo "1620"]
[Annotator "NA"]
[PlyCount "100"]
[EventDate "2020.05.09"]
[EventType "tourn (blitz)"]

1. Nf3 {[%emt 0:00:02]} d5 {[%emt 0:00:00]} 2. g3 {[%emt 0:00:01]} Nf6 {[%emt 0:00:00]} 3. Bg2 {[%emt 0:00:01]} e6 {[%emt 0:00:01]} 4. d4 {[%emt 0:00:01]} Be7 {[%emt 0:00:02]} 5. c4 {[%emt 0:00:01]} O-O {[%emt 0:00:01]} 6. Qc2 {[%emt 0:00:01]} c6 {[%emt 0:00:03]} 7. O-O {[%emt 0:00:02]} b6 {[%emt 0:00:02]} 8. Rd1 {[%emt 0:00:02]} a5 {[%emt 0:00:12]} 9. Bf4 {[%emt 0:00:08]} Na6 {[%emt 0:00:19]} 10. a3 {[%emt 0:00:05]} Bb7 {[%emt 0:00:03]} 11. Nbd2 {[%emt 0:00:03]} Rc8 {[%emt 0:00:05]} 12. Rac1 {[%emt 0:00:10]} c5 {[%emt 0:00:03]} 13. Qb1 {[%emt 0:00:18]} h6 {[%emt 0:00:12]} 14. dxc5 {[%emt 0:00:33]} Bxc5 {[%emt 0:00:08]} 15. Ne5 {[%emt 0:00:08]} g5 {[%emt 0:00:18]} 16. Be3 {[%emt 0:00:07]} Bxe3 {[%emt 0:00:06]} 17. fxe3 {[%emt 0:00:01]} Qe7 {[%emt 0:00:02]} 18. Rf1 {[%emt 0:00:15]} Kg7 {[%emt 0:00:21]} 19. Rf2 {[%emt 0:00:08]} Qc5 {[%emt 0:00:13]} 20. Nf1 {[%emt 0:00:08]} dxc4 {[%emt 0:00:07]} 21. Bxb7 {[%emt 0:00:05]} Qxe5 {[%emt 0:00:11]} 22. Bxa6 {[%emt 0:00:03]} Rcd8 {[%emt 0:00:01]} 23. Bxc4 {[%emt 0:00:10]} Ne4 {[%emt 0:00:02]} 24. Rf3 {[%emt 0:00:07]} g4 {[%emt 0:00:08]} 25. Rf4 {[%emt 0:00:05]} f5 {[%emt 0:00:06]} 26. Bd3 {[%emt 0:00:13]} Ng5 {[%emt 0:00:03]} 27. Qc2 {[%emt 0:00:09]} Nh3+ {[%emt 0:00:11]} 28. Kg2 {[%emt 0:00:01]} Rc8 {[%emt 0:00:04]} 29. Qxc8 {[%emt 0:00:16]} Rxc8 {[%emt 0:00:00]} 30. Rxc8 {[%emt 0:00:01]} Qd5+ {[%emt 0:00:03]} 31. e4 {[%emt 0:00:02]} Nxf4+ {[%emt 0:00:04]} 32. gxf4 {[%emt 0:00:01]} fxe4 {[%emt 0:00:02]} 33. Bc4 {[%emt 0:00:03]} Qd7 {[%emt 0:00:03]} 34. Ba6 {[%emt 0:00:14]} h5 {[%emt 0:00:11]} 35. Ng3 {[%emt 0:00:04]} h4 {[%emt 0:00:08]} 36. Nxe4 {[%emt 0:00:02]} Qd4 {[%emt 0:00:09]} 37. Rc7+ {[%emt 0:00:03]} Kf8 {[%emt 0:00:03]} 38. Bd3 {[%emt 0:00:03]} Qe3 {[%emt 0:00:05]} 39. Ng5 {[%emt 0:00:12]} h3+ {[%emt 0:00:03]} 40. Kh1 {[%emt 0:00:01]} Ke8 {[%emt 0:00:11]} 41. Bb5+ {[%emt 0:00:07]} Kd8 {[%emt 0:00:01]} 42. Rd7+ {[%emt 0:00:02]} Kc8 {[%emt 0:00:00]} 43. Rd1 {[%emt 0:00:04]} Qxf4 {[%emt 0:00:01]} 44. Bd7+ {[%emt 0:00:06]} Kb8 {[%emt 0:00:02]} 45. Bc6 {[%emt 0:00:01]} Qxg5 {[%emt 0:00:01]} 46. Be4 {[%emt 0:00:01]} Qe5 {[%emt 0:00:01]} 47. Bc6 {[%emt 0:00:02]} Qxe2 {[%emt 0:00:03]} 48. Rg1 {[%emt 0:00:02]} e5 {[%emt 0:00:02]} 49. Bd5 {[%emt 0:00:02]} e4 {[%emt 0:00:01]} 50. Rc1 {[%emt 0:00:00]} Qg2# {[%emt 0:00:01] (Lag: Av=0.21s, max=0.7s)} 0-1

[Event "DSIM-Finale"]
[Site "T#645894Emanuel Laske"]
[Date "2020.05.09"]
[Round "5"]
[White "Ilja Schneider"]
[Black "Christian Braun"]
[Result "0-1"]
[WhiteElo "1620"]
[BlackElo "2637"]
[Annotator "TA"]
[PlyCount "78"]
[EventDate "2020.05.09"]
[EventType "tourn (blitz)"]

{[%evp 9,78,64,66,57,71,0,25,-33,6,-10,14,15,34,23,50,-220,44,18,22,14,9,-33,-33,-15,-22,-28,-38,-30,-33,-23,8,0,12,-33,-1,-24,0,-10,-13,-90,0,0,0,-34,-42,-202,-215,-572,-553,-533,-541,-539,-508,-789,-787,-783,-742,-638,-606,-576,-458,-434,-427,-802,-802,-787,-783,-665,-650,-620,-568]} 1. d4 g6 2. e4 Bg7 3. Nc3 d6 4. Nf3 e6 5. Bg5 Ne7 6. Qd2 {B06: Modern Defence.} h6 7. Bh4 (7. Be3 $16) 7... a6 (7... g5 $5 {[%cal Rg5h4]} 8. Bg3 a6 $11) 8. a4 (8. Bg3 $11) 8... b6 (8... g5 $5 {[%cal Rg5h4]} 9. Bg3 f5 $15) 9. Bc4 {[#]} Bb7 $146 ({Predecessor:} 9... Nd7 10. O-O g5 11. Bg3 Ng6 12. h3 O-O 13. Rad1 Bb7 14. Rfe1 Nf6 15. Nh2 Nh5 {1-0 (42) Khasin,A (2144)-Auer,M (2140) Germany 2014}) 10. O-O g5 11. Bg3 Ng6 12. Rfe1 $2 {[%mdl 8192]} (12. d5 $14 {stays ahead.}) 12... O-O $2 (12... g4 $19 13. d5 gxf3 14. dxe6 fxe6 15. Bxe6 Qg5) 13. h3 Nd7 {[%cal Bb8d7,Bd7f6,Bf6e4][%mdl 32]} 14. Nh2 Nf6 15. Nf1 Nxe4 {[%mdl 64] [#] Decoy} 16. Nxe4 {Hoping for Nc3.} d5 17. Bd3 {And now Nc3 would win.} dxe4 18. Bxe4 Bxe4 19. Rxe4 Qd5 20. Qe2 b5 ({Avoid the trap} 20... Bxd4 $2 21. Rd1 $18) (20... Rae8 $5 {[%cal Rf7f5]}) 21. Bxc7 Rac8 22. Bg3 Rc6 23. axb5 axb5 24. c3 (24. Re3 $11) 24... b4 ({Better is} 24... f5 $17 25. Re5 Nxe5 26. Bxe5 Bxe5 27. dxe5 Rc7) 25. Re3 $1 $11 Rfc8 26. Qd2 f5 {aiming for ...f4.} 27. Ree1 $2 ({White should try} 27. Be5 $1 $15) 27... f4 $40 {[%mdl 128] Black is out for blood.} 28. Bh2 $2 (28. Qc2 Nf8 29. Bh2) 28... Nh4 {[%csl Gh4][%cal Rd5g2] Black is clearly winning.} 29. f3 bxc3 30. bxc3 Rxc3 31. Qa2 {[#]} (31. Ra2 $142 Rxf3 32. Qa5 Qxa5 33. Rxa5) 31... Rc2 $1 {[%mdl 512]} 32. Qxd5 exd5 33. Kh1 Nxg2 34. Red1 Ne3 35. Nxe3 fxe3 36. Rd3 (36. Bg1 $142 R8c3 37. Ra8+ Kf7 38. Ra7+ Kg6 39. Ra6+ Kf5 40. Ra5) 36... Rc1+ 37. Rxc1 Rxc1+ 38. Kg2 e2 39. Bg3 e1=Q {Accuracy: White = 37%, Black = 65%.} 0-1

[Event "DSIM-Finale"]
[Site "T#645894Emanuel Laske"]
[Date "2020.05.09"]
[Round "5"]
[White "Jonas Eilenberg"]
[Black "Matthias Blübaum"]
[Result "1/2-1/2"]
[WhiteElo "1620"]
[BlackElo "1620"]
[Annotator "NA"]
[PlyCount "109"]
[EventDate "2020.05.09"]
[EventType "tourn (blitz)"]

1. d4 {[%emt 0:00:02]} Nf6 {[%emt 0:00:00]} 2. Nf3 {[%emt 0:00:01]} d5 {[%emt 0:00:01]} 3. e3 {[%emt 0:00:01]} Bf5 {[%emt 0:00:05]} 4. c4 {[%emt 0:00:06]} c6 {[%emt 0:00:01]} 5. Nc3 {[%emt 0:00:02]} e6 {[%emt 0:00:01]} 6. Nh4 {[%emt 0:00:04]} Be4 {[%emt 0:00:01]} 7. f3 {[%emt 0:00:08]} Bg6 {[%emt 0:00:01]} 8. Nxg6 {[%emt 0:00:01]} hxg6 {[%emt 0:00:00]} 9. Bd3 {[%emt 0:00:02]} Bd6 {[%emt 0:00:06]} 10. f4 {[%emt 0:00:14]} Nbd7 {[%emt 0:00:29]} 11. Qf3 {[%emt 0:00:09]} Bb4 {[%emt 0:00:05]} 12. O-O {[%emt 0:00:23]} a6 {[%emt 0:00:32]} 13. a4 {[%emt 0:00:37]} a5 {[%emt 0:00:12]} 14. c5 {[%emt 0:00:15]} b6 {[%emt 0:00:05]} 15. cxb6 {[%emt 0:00:02]} Qxb6 {[%emt 0:00:00]} 16. Bd2 {[%emt 0:00:08]} c5 {[%emt 0:00:27]} 17. dxc5 {[%emt 0:00:02]} Nxc5 {[%emt 0:00:06]} 18. Bb5+ {[%emt 0:00:03]} Kf8 {[%emt 0:00:16]} 19. Rac1 {[%emt 0:00:10]} Nb3 {[%emt 0:00:07]} 20. Rc2 {[%emt 0:00:09]} Nxd2 {[%emt 0:00:03]} 21. Rxd2 {[%emt 0:00:00]} Rc8 {[%emt 0:00:12]} 22. Rc2 {[%emt 0:00:16] Jonas Eilenberg reconnected. Jonas Eilenberg bietet Remis} Rc7 {[%emt 0:00:19]} 23. Rfc1 {[%emt 0:00:03]} Ke7 {[%emt 0:00:10]} 24. Ne2 {[%emt 0:00:36]} Rhc8 {[%emt 0:00:04]} 25. Nd4 {[%emt 0:00:06]} Rxc2 {[%emt 0:00:02]} 26. Rxc2 {[%emt 0:00:00]} Rxc2 {[%emt 0:00:02]} 27. Nxc2 {[%emt 0:00:00]} Qc5 {[%emt 0:00:09]} 28. Qe2 {[%emt 0:00:03]} Ne4 {[%emt 0:00:04]} 29. g3 {[%emt 0:00:04]} Nd6 {[%emt 0:00:08]} 30. Kg2 {[%emt 0:00:03]} Nf5 {[%emt 0:00:05]} 31. Bd3 {[%emt 0:00:04]} Nd6 {[%emt 0:00:02]} 32. Nd4 {[%emt 0:00:02]} Qc1 {[%emt 0:00:02]} 33. Qc2 {[%emt 0:00:04]} Qxc2+ {[%emt 0:00:03]} 34. Nxc2 {[%emt 0:00:00]} Bc5 {[%emt 0:00:01]} 35. Nd4 {[%emt 0:00:01]} Bxd4 {[%emt 0:00:01]} 36. exd4 {[%emt 0:00:00] Jonas Eilenberg bietet Remis} Nc8 {[%emt 0:00:03]} 37. Kf3 {[%emt 0:00:02]} Na7 {[%emt 0:00:02]} 38. Ke2 {[%emt 0:00:05]} Nc6 {[%emt 0:00:02]} 39. Ke3 {[%emt 0:00:01]} Kd6 {[%emt 0:00:00]} 40. Bb5 {[%emt 0:00:02]} Ne7 {[%emt 0:00:01]} 41. g4 {[%emt 0:00:02]} f6 {[%emt 0:00:10]} 42. h4 {[%emt 0:00:03]} e5 {[%emt 0:00:01]} 43. dxe5+ {[%emt 0:00:01]} fxe5 {[%emt 0:00:00]} 44. fxe5+ {[%emt 0:00:01]} Kxe5 {[%emt 0:00:00]} 45. Bd3 {[%emt 0:00:02]} d4+ {[%emt 0:00:03]} 46. Kf3 {[%emt 0:00:02]} Nd5 {[%emt 0:00:08]} 47. Bxg6 {[%emt 0:00:01]} Nb4 {[%emt 0:00:01]} 48. h5 {[%emt 0:00:02]} Nd5 {[%emt 0:00:04]} 49. Bd3 {[%emt 0:00:04]} Nf4 {[%emt 0:00:02]} 50. Bf1 {[%emt 0:00:04]} Ne6 {[%emt 0:00:01]} 51. Bd3 {[%emt 0:00:03]} Ng5+ {[%emt 0:00:01]} 52. Kg3 {[%emt 0:00:01]} Ne6 {[%emt 0:00:01]} 53. Kf3 {[%emt 0:00:02]} Ng5+ {[%emt 0:00:02]} 54. Kg3 {[%emt 0:00:01]} Ne6 {[%emt 0:00:00]} 55. Kf3 {[%emt 0:00:01] (Lag: Av=0.77s, max=1.5s)} 1/2-1/2

[Event "DSIM-Finale"]
[Site "T#645894Emanuel Laske"]
[Date "2020.05.09"]
[Round "5"]
[White "Luis Engel"]
[Black "Alex Donchenko"]
[Result "1-0"]
[WhiteElo "1620"]
[BlackElo "1697"]
[Annotator "NA"]
[PlyCount "51"]
[EventDate "2020.05.09"]
[EventType "tourn (blitz)"]

1. e4 {[%emt 0:00:01]} c6 {[%emt 0:00:04]} 2. d4 {[%emt 0:00:02]} d5 {[%emt 0:00:00]} 3. e5 {[%emt 0:00:02]} Bf5 {[%emt 0:00:01]} 4. Nf3 {[%emt 0:00:01]} e6 {[%emt 0:00:01]} 5. Be2 {[%emt 0:00:01]} Ne7 {[%emt 0:00:02]} 6. O-O {[%emt 0:00:01]} h6 {[%emt 0:00:01]} 7. Nbd2 {[%emt 0:00:05]} Nd7 {[%emt 0:00:01]} 8. a4 {[%emt 0:00:02]} Qc7 {[%emt 0:00:09]} 9. Nb3 {[%emt 0:00:04]} g5 {[%emt 0:00:05]} 10. a5 {[%emt 0:00:12]} a6 {[%emt 0:00:02]} 11. c3 {[%emt 0:00:05]} O-O-O {[%emt 0:00:21]} 12. Ne1 {[%emt 0:00:06]} Bg7 {[%emt 0:00:15]} 13. Nd3 {[%emt 0:00:05]} f6 {[%emt 0:00:13]} 14. exf6 {[%emt 0:00:03]} Bxf6 {[%emt 0:00:00]} 15. Nbc5 {[%emt 0:00:08]} Nxc5 {[%emt 0:00:01]} 16. Nxc5 {[%emt 0:00:02]} e5 {[%emt 0:00:01]} 17. Be3 {[%emt 0:00:07]} Rhe8 {[%emt 0:00:33]} 18. Ra4 {[%emt 0:00:04]} exd4 {[%emt 0:00:06]} 19. cxd4 {[%emt 0:00:02]} Ng6 {[%emt 0:00:19]} 20. Rb4 {[%emt 0:00:13]} Nf4 {[%emt 0:00:09]} 21. Bg4 {[%emt 0:00:07]} Bxg4 {[%emt 0:00:30]} 22. Qxg4+ {[%emt 0:00:02]} Ne6 {[%emt 0:00:00]} 23. Rxb7 {[%emt 0:00:16]} Qxa5 {[%emt 0:00:02]} 24. b4 {[%emt 0:00:15]} Qa3 {[%emt 0:00:21]} 25. Qg3 {[%emt 0:00:13]} Nf4 {[%emt 0:00:09]} 26. Bxf4 {[%emt 0:00:02] Alex Donchenko resigns (Lag: Av=0.33s, max=0.8s)} 1-0

[Event "DSIM-Finale"]
[Site "T#645894Emanuel Laske"]
[Date "2020.05.09"]
[Round "6"]
[White "Christian Braun"]
[Black "Jonas Eilenberg"]
[Result "1-0"]
[WhiteElo "2637"]
[BlackElo "1620"]
[Annotator "TA"]
[PlyCount "55"]
[EventDate "2020.05.09"]
[EventType "tourn (blitz)"]

{[%evp 9,55,17,13,6,25,8,62,47,127,72,132,81,203,129,141,75,185,88,263,248,445,406,505,506,496,379,340,201,187,177,490,462,484,483,504,32,510,499,2320,2043,29991,29990,29991,29992,29992,29991,29991,29992]} 1. Nf3 d5 2. g3 Bg4 3. Bg2 Nd7 4. d3 Ngf6 5. Nbd2 e5 6. h3 {A07: Réti Opening: New York and Capablanca Systems.} Bh5 7. e4 d4 (7... Bc5 $11) 8. O-O {White is slightly better.} b5 {[#]} (8... Bd6 $14) 9. a4 $146 ({Better is} 9. g4 Bg6 10. a4) ({Predecessor:} 9. Qe1 Bd6 10. Nh4 Bg6 11. f4 h6 12. Nxg6 fxg6 13. Nf3 O-O 14. Nh4 Qe8 15. f5 {1-0 (35) Schenk,S (2176)-Fiser,H Bad Homburg 2000}) 9... a6 ({Black should try} 9... Bxf3 10. Nxf3 b4) 10. Qe1 (10. g4 $142 Bg6 {[#]} 11. Nxd4 $1 {[%mdl 512]}) 10... Bd6 (10... Bxf3 $16 11. Nxf3 c5) 11. Nh4 O-O 12. Nf5 (12. f4 $142) 12... Nb6 (12... Bg6 $16 {might work better.}) 13. a5 (13. f4 $18) 13... Nc8 $2 (13... Nbd7 $16) 14. f4 $18 exf4 $2 (14... Bb4 15. fxe5 Nd7 16. Nxd4 Nxe5) 15. e5 {[%mdl 64] Double Attack} Re8 16. gxf4 (16. Nxd6 Nxd6 17. g4 (17. Rxf4 Nd7 $16) (17. gxf4 Nf5 $16) (17. Bxa8 Qxa8 18. g4 Qc8 $18) 17... Bxg4 $18) 16... Bg6 17. Ng3 ({Not} 17. Bxa8 Bxf5 18. Qh4 Be7 $18) ({Don't do} 17. Nxd6 Nxd6 18. Bxa8 Qxa8 $18) 17... Rb8 18. f5 (18. Qf2 $142 Nh5 19. Nxh5 Bxh5 20. exd6) 18... Rxe5 19. Nde4 Bh5 $2 (19... Nxe4 {is a better chance.} 20. Bxe4 (20. dxe4 Rc5 $16) 20... Qh4) 20. Nxf6+ gxf6 21. Ne4 Kh8 22. Bf4 $2 (22. Qh4 $18) 22... Re8 $2 {[%mdl 8192]} ({Black should play} 22... Rxf5 $14 23. Nxd6 Nxd6) 23. Qh4 {[%mdl 64] Double Attack} Be2 (23... Rg8 $142 24. Qxh5 Bxf4 25. Rxf4 Nd6) 24. Nxf6 {[%csl Gf6][%cal Rh4h7][%mdl 64] Double Attack} h5 {[#]} 25. Rae1 $1 {[%mdl 512] White mates.} Be7 26. Rxe2 Bxf6 27. Rxe8+ {[%mdl 64] Overworked Piece} Qxe8 28. Qxf6+ {[%mdl 64] Double Attack. Accuracy: White = 50%, Black = 22%.} 1-0

[Event "DSIM-Finale"]
[Site "T#645894Emanuel Laske"]
[Date "2020.05.09"]
[Round "6"]
[White "Georg Meier"]
[Black "Lizzy Paehtz"]
[Result "1-0"]
[WhiteElo "2555"]
[BlackElo "2427"]
[Annotator "TA"]
[PlyCount "28"]
[EventDate "2020.05.09"]
[EventType "tourn (blitz)"]

{[%evp 1,1,17]} 1. Nf3 {A rather calm draw.} {Predecessor:} d6 2. d4 Nf6 3. c4 g6 4. Nc3 Bf5 5. Nh4 Bd7 6. e4 {E61: King's Indian: Early deviations for White, including Smyslov System.} e5 7. Nf3 Nc6 8. d5 Ne7 9. Be2 Bg7 10. Be3 O-O 11. Nd2 c6 12. O-O Ne8 13. dxc6 bxc6 14. b4 Be6 {0-1 (58) Nakamura,H (2736)-Caruana,F (2835) chess24.com INT 2020} 1-0

[Event "DSIM-Finale"]
[Site "T#645894Emanuel Laske"]
[Date "2020.05.09"]
[Round "6"]
[White "Vincent Keymer"]
[Black "Luis Engel"]
[Result "1-0"]
[WhiteElo "2243"]
[BlackElo "1620"]
[PlyCount "123"]
[EventDate "2020.05.09"]
[EventType "tourn (blitz)"]

1. d4 {[%emt 0:00:01]} Nf6 {[%emt 0:00:01]} 2. c4 {[%emt 0:00:01]} e6 {[%emt 0:00:00]} 3. Nf3 {[%emt 0:00:01]} d5 {[%emt 0:00:01]} 4. Nc3 {[%emt 0:00:01]} Bb4 {[%emt 0:00:01]} 5. Bg5 {[%emt 0:00:05]} h6 {[%emt 0:00:05]} 6. Bxf6 {[%emt 0:00:03]} Qxf6 {[%emt 0:00:00]} 7. Qa4+ {[%emt 0:00:02]} Nc6 {[%emt 0:00:01]} 8. e3 {[%emt 0:00:00]} O-O {[%emt 0:00:03]} 9. Be2 {[%emt 0:00:11]} Bd7 {[%emt 0:00:17]} 10. Qc2 {[%emt 0:00:06]} dxc4 {[%emt 0:00:22]} 11. Bxc4 {[%emt 0:00:20]} e5 {[%emt 0:00:04]} 12. a3 {[%emt 0:00:08]} exd4 {[%emt 0:00:15]} 13. axb4 {[%emt 0:00:02]} dxc3 {[%emt 0:00:01]} 14. Qxc3 {[%emt 0:00:05]} Qg6 {[%emt 0:00:16]} 15. O-O {[%emt 0:00:15]} Bh3 {[%emt 0:00:06]} 16. Ne1 {[%emt 0:00:01]} Rfe8 {[%emt 0:00:23]} 17. Bd5 {[%emt 0:00:08]} Ne5 {[%emt 0:00:37]} 18. Bxb7 {[%emt 0:00:26]} Rab8 {[%emt 0:00:02]} 19. f4 {[%emt 0:00:28]} Ng4 {[%emt 0:00:14]} 20. Rf3 {[%emt 0:00:13]} Bxg2 {[%emt 0:00:07]} 21. Nxg2 {[%emt 0:00:02]} Rxb7 {[%emt 0:00:01]} 22. Rg3 {[%emt 0:00:01]} Qf5 {[%emt 0:00:26]} 23. Qc6 {[%emt 0:00:32]} Rbb8 {[%emt 0:00:07]} 24. e4 {[%emt 0:00:03]} Qf6 {[%emt 0:00:11]} 25. Qc2 {[%emt 0:00:15]} h5 {[%emt 0:00:02]} 26. h3 {[%emt 0:00:14]} Qb6+ {[%emt 0:00:01]} 27. Kh1 {[%emt 0:00:01]} Nf2+ {[%emt 0:00:01]} 28. Kh2 {[%emt 0:00:00]} Nxe4 {[%emt 0:00:01]} 29. Re3 {[%emt 0:00:01]} Nf6 {[%emt 0:00:01]} 30. Rae1 {[%emt 0:00:02]} Rxe3 {[%emt 0:00:02]} 31. Rxe3 {[%emt 0:00:00]} Rd8 {[%emt 0:00:01]} 32. Rc3 {[%emt 0:00:02]} Qd6 {[%emt 0:00:01]} 33. Rxc7 {[%emt 0:00:04]} Qxb4 {[%emt 0:00:01]} 34. Rxa7 {[%emt 0:00:04]} Qd4 {[%emt 0:00:02]} 35. Rc7 {[%emt 0:00:04]} Re8 {[%emt 0:00:01]} 36. Rc4 {[%emt 0:00:01]} Qd5 {[%emt 0:00:02]} 37. Rc8 {[%emt 0:00:01]} Rxc8 {[%emt 0:00:02]} 38. Qxc8+ {[%emt 0:00:00]} Kh7 {[%emt 0:00:00]} 39. b4 {[%emt 0:00:00]} Ne4 {[%emt 0:00:01]} 40. Qc2 {[%emt 0:00:01]} f5 {[%emt 0:00:01]} 41. Qb2 {[%emt 0:00:01]} Qb5 {[%emt 0:00:01]} 42. Qd4 {[%emt 0:00:01]} Nf6 {[%emt 0:00:01]} 43. Qe5 {[%emt 0:00:05]} Qxb4 {[%emt 0:00:04]} 44. Qxf5+ {[%emt 0:00:01]} Kh8 {[%emt 0:00:01]} 45. Qe6 {[%emt 0:00:07]} Qd4 {[%emt 0:00:02]} 46. Qe8+ {[%emt 0:00:02]} Kh7 {[%emt 0:00:01]} 47. Qe2 {[%emt 0:00:00]} g6 {[%emt 0:00:04]} 48. Qe7+ {[%emt 0:00:02]} Kg8 {[%emt 0:00:01]} 49. Qe6+ {[%emt 0:00:05]} Kg7 {[%emt 0:00:01]} 50. Qe2 {[%emt 0:00:01]} Qd7 {[%emt 0:00:01]} 51. Qe5 {[%emt 0:00:01]} Kf7 {[%emt 0:00:02]} 52. Ne3 {[%emt 0:00:03]} Qe6 {[%emt 0:00:02]} 53. Qc7+ {[%emt 0:00:01]} Qe7 {[%emt 0:00:02]} 54. Qc4+ {[%emt 0:00:02]} Kg7 {[%emt 0:00:01]} 55. Qd4 {[%emt 0:00:01]} Kh7 {[%emt 0:00:03]} 56. f5 {[%emt 0:00:02]} gxf5 {[%emt 0:00:02]} 57. Nxf5 {[%emt 0:00:01]} Qe2+ {[%emt 0:00:01]} 58. Kg3 {[%emt 0:00:02]} Qe1+ {[%emt 0:00:01]} 59. Kf4 {[%emt 0:00:04]} Qf1+ {[%emt 0:00:02]} 60. Kg5 {[%emt 0:00:01]} Qa6 {[%emt 0:00:15]} 61. Qxf6 {[%emt 0:00:06]} Qxf6+ {[%emt 0:00:02]} 62. Kxf6 {[%emt 0:00:01] Luis Engel gibt auf (Lag: Av=0.34s, max=1.0s)} 1-0

[Event "DSIM-Finale"]
[Site "T#645894Emanuel Laske"]
[Date "2020.05.09"]
[Round "6"]
[White "Alex Donchenko"]
[Black "Ilja Schneider"]
[Result "0-1"]
[WhiteElo "1697"]
[BlackElo "1620"]
[Annotator "NA"]
[PlyCount "98"]
[EventDate "2020.05.09"]
[EventType "tourn (blitz)"]

1. c4 {[%emt 0:00:01]} c6 {[%emt 0:00:01]} 2. d4 {[%emt 0:00:02]} d5 {[%emt 0:00:01]} 3. Nf3 {[%emt 0:00:00]} Nf6 {[%emt 0:00:01]} 4. e3 {[%emt 0:00:00]} Bf5 {[%emt 0:00:01]} 5. Nc3 {[%emt 0:00:02]} e6 {[%emt 0:00:01]} 6. Nh4 {[%emt 0:00:00]} Be4 {[%emt 0:00:01]} 7. f3 {[%emt 0:00:01]} Bg6 {[%emt 0:00:01]} 8. Bd2 {[%emt 0:00:01]} Be7 {[%emt 0:00:01]} 9. Nxg6 {[%emt 0:00:02]} hxg6 {[%emt 0:00:01]} 10. Qc2 {[%emt 0:00:00]} a6 {[%emt 0:00:10]} 11. c5 {[%emt 0:00:02]} Nbd7 {[%emt 0:00:04]} 12. O-O-O {[%emt 0:00:03]} e5 {[%emt 0:00:05]} 13. Bd3 {[%emt 0:00:07]} Qc7 {[%emt 0:00:03]} 14. f4 {[%emt 0:00:21]} exd4 {[%emt 0:00:16]} 15. exd4 {[%emt 0:00:00]} Ng4 {[%emt 0:00:20]} 16. Rde1 {[%emt 0:00:08]} Nf2 {[%emt 0:00:19]} 17. Rhf1 {[%emt 0:00:01]} Nxd3+ {[%emt 0:00:01]} 18. Qxd3 {[%emt 0:00:00]} Nf6 {[%emt 0:00:07]} 19. f5 {[%emt 0:00:12]} gxf5 {[%emt 0:00:15]} 20. Qxf5 {[%emt 0:00:01]} Kf8 {[%emt 0:00:10]} 21. h3 {[%emt 0:00:48]} Qg3 {[%emt 0:00:44]} 22. Re2 {[%emt 0:00:27]} Rh5 {[%emt 0:00:21]} 23. Qf3 {[%emt 0:00:01]} Qxf3 {[%emt 0:00:02]} 24. Rxf3 {[%emt 0:00:00]} Re8 {[%emt 0:00:04]} 25. g4 {[%emt 0:00:03]} Rh8 {[%emt 0:00:06]} 26. Ref2 {[%emt 0:00:03]} Kg8 {[%emt 0:00:09]} 27. Rf1 {[%emt 0:00:43]} Ne4 {[%emt 0:00:08]} 28. Nxe4 {[%emt 0:00:18]} dxe4 {[%emt 0:00:01]} 29. Rb3 {[%emt 0:00:00]} Bf6 {[%emt 0:00:04]} 30. Rxb7 {[%emt 0:00:11]} Rxh3 {[%emt 0:00:08]} 31. Bc3 {[%emt 0:00:03]} Rg3 {[%emt 0:00:03]} 32. Rb6 {[%emt 0:00:07]} e3 {[%emt 0:00:01]} 33. Rxc6 {[%emt 0:00:12]} e2 {[%emt 0:00:01]} 34. Re1 {[%emt 0:00:01]} Rxg4 {[%emt 0:00:01]} 35. Rd6 {[%emt 0:00:06]} Bh4 {[%emt 0:00:02]} 36. c6 {[%emt 0:00:03]} Bxe1 {[%emt 0:00:05]} 37. Bxe1 {[%emt 0:00:00]} Rg6 {[%emt 0:00:07]} 38. Rxg6 {[%emt 0:00:01]} fxg6 {[%emt 0:00:00]} 39. Kd2 {[%emt 0:00:05]} Kf7 {[%emt 0:00:01]} 40. d5 {[%emt 0:00:01]} Rd8 {[%emt 0:00:02]} 41. Kxe2 {[%emt 0:00:02]} Rxd5 {[%emt 0:00:01]} 42. c7 {[%emt 0:00:03]} Rc5 {[%emt 0:00:01]} 43. Bg3 {[%emt 0:00:00]} Ke6 {[%emt 0:00:01]} 44. Kd3 {[%emt 0:00:01]} Kd7 {[%emt 0:00:01]} 45. b4 {[%emt 0:00:02]} Rg5 {[%emt 0:00:02]} 46. Bh2 {[%emt 0:00:03]} Rg2 {[%emt 0:00:01]} 47. Be5 {[%emt 0:00:00]} Rxa2 {[%emt 0:00:01]} 48. Ke4 {[%emt 0:00:04]} Re2+ {[%emt 0:00:01]} 49. Kf4 {[%emt 0:00:01]} Rxe5 {[%emt 0:00:04] Alex Donchenko resigns (Lag: Av=0.68s, max=1.6s)} 0-1